[Event "EIRCC 2019"]
[Site "Tallinn"]
[Date "2019.12.05"]
[Round "5.26"]
[White "Valner, Uku"]
[Black "Loginov, Valery A"]
[Result "0-1"]
[WhiteElo "2243"]
[BlackElo "2461"]
[Annotator "ChessBase"]
[PlyCount "108"]
[EventDate "2019.12.05"]
[EventType "swiss"]
[EventCountry "EST"]
[SourceTitle "playchess.com"]
[Source "ChessBase"]
[SourceQuality "1"]
[TimeControl "900+10"]

1. e4 {[%emt 0:00:00]} c5 {[%emt 0:00:00]} 2. Nc3 {[%emt 0:00:00]} Nc6 {[%emt 0:00:00]} 3. g3 {[%emt 0:00:00]} g6 {[%emt 0:00:00]} 4. Bg2 {[%emt 0:00:00]} Bg7 {[%emt 0:00:00]} 5. d3 {[%emt 0:00:00]} d6 {[%emt 0:00:05]} 6. Be3 {[%emt 0:00:00]} e5 {[%emt 0:00:02]} 7. Qd2 {[%emt 0:00:16]} Be6 {[%emt 0:00:03]} 8. Nd5 {[%emt 0:00:41]} Bxd5 {[%emt 0:00:43]} 9. exd5 {[%emt 0:00:01]} Nce7 {[%emt 0:00:01]} 10. Ne2 {[%emt 0:00:43]} Nf5 {[%emt 0:00:25]} 11. Nc3 {[%emt 0:00:37]} Nge7 {[%emt 0:00:15]} 12. h4 {[%emt 0:01:25]} Nxe3 {[%emt 0:00:23]} 13. fxe3 {[%emt 0:00:03]} h5 {[%emt 0:01:02]} 14. Bh3 {[%emt 0:01:05]} f5 {[%emt 0:00:19]} 15. e4 {[%emt 0:01:57]} Qb6 {[%emt 0:00:21]} 16. O-O {[%emt 0:01:34]} c4+ {[%emt 0:00:54]} 17. Kh1 {[%emt 0:00:44]} cxd3 {[%emt 0:00:04]} 18. cxd3 {[%emt 0:00:11]} Bh6 {[%emt 0:00:09]} 19. Qe2 {[%emt 0:00:32]} f4 {[%emt 0:00:32]} 20. g4 {[%emt 0:01:49]} Bg7 {[%emt 0:00:48]} 21. Rac1 {[%emt 0:01:12]} hxg4 {[%emt 0:00:54]} 22. Qxg4 {[%emt 0:00:02]} Bf6 {[%emt 0:00:18]} 23. Qe6 {[%emt 0:02:21]} Bxh4 {[%emt 0:02:07]} 24. Rc2 {[%emt 0:00:40]} Rd8 {[%emt 0:01:28]} 25. Rf3 {[%emt 0:00:57]} Rf8 {[%emt 0:01:35]} 26. Rg2 {[%emt 0:00:15]} Rf6 {[%emt 0:00:25]} 27. Qg4 {[%emt 0:00:03]} Be1 {[%emt 0:00:02]} 28. Qg5 {[%emt 0:00:56]} Rf7 {[%emt 0:01:02]} 29. Qh6 {[%emt 0:00:27]} Bxc3 {[%emt 0:03:37]} 30. bxc3 {[%emt 0:00:01]} Qb1+ {[%emt 0:01:23]} 31. Rg1 {[%emt 0:00:29]} Qc2 {[%emt 0:00:10]} 32. Be6 {[%emt 0:00:11]} Qe2 {[%emt 0:00:11]} 33. Rh3 {[%emt 0:00:58]} f3 {[%emt 0:00:02]} 34. Bxf7+ {[%emt 0:00:12]} Kxf7 {[%emt 0:00:02]} 35. Qh7+ {[%emt 0:00:12]} Ke8 {[%emt 0:00:07]} 36. Qh8+ {[%emt 0:00:09]} Kd7 {[%emt 0:00:02]} 37. Qf6 {[%emt 0:00:01]} f2 {[%emt 0:00:15]} 38. Qe6+ {[%emt 0:00:03]} Kc7 {[%emt 0:00:00]} 39. Rh7 {[%emt 0:00:21]} Qf3+ {[%emt 0:00:19]} 40. Kh2 {[%emt 0:00:04]} fxg1=Q+ {[%emt 0:00:03]} 41. Kxg1 {[%emt 0:00:01]} Qg3+ {[%emt 0:00:03]} 42. Kh1 {[%emt 0:00:01]} Rd7 {[%emt 0:00:04]} 43. d4 {[%emt 0:00:12]} Qxc3 {[%emt 0:00:31]} 44. Rxe7 {[%emt 0:00:08]} Qe1+ {[%emt 0:00:01]} 45. Kg2 {[%emt 0:00:03]} Qxe4+ {[%emt 0:00:02]} 46. Kf1 {[%emt 0:00:10]} Qf5+ {[%emt 0:00:10]} 47. Ke2 {[%emt 0:00:05]} Qxe6 {[%emt 0:00:03]} 48. Rxe6 {[%emt 0:00:01]} exd4 {[%emt 0:00:06]} 49. Rxg6 {[%emt 0:00:05]} Kb6 {[%emt 0:00:07]} 50. Kd3 {[%emt 0:00:06]} Kc5 {[%emt 0:00:01]} 51. Rg5 {[%emt 0:00:00]} Re7 {[%emt 0:00:05]} 52. a4 {[%emt 0:00:10]} Re3+ {[%emt 0:00:03]} 53. Kd2 {[%emt 0:00:00]} Rb3 {[%emt 0:00:08]} 54. Kc2 {[%emt 0:00:12]} Rb4 {[%emt 0:00:07]} 0-1

[Event "EIRCC 2019"]
[Site "Tallinn"]
[Date "2019.12.05"]
[Round "5.27"]
[White "Thorfinnsson, Bragi"]
[Black "Martinez Pla, Xavier"]
[Result "1-0"]
[WhiteElo "2457"]
[BlackElo "2229"]
[Annotator "ChessBase"]
[PlyCount "97"]
[EventDate "2019.12.05"]
[EventType "swiss"]
[EventCountry "EST"]
[SourceTitle "playchess.com"]
[Source "ChessBase"]
[SourceQuality "1"]
[TimeControl "900+10"]

1. d4 {[%emt 0:00:00]} Nf6 {[%emt 0:00:00]} 2. c4 {[%emt 0:00:00]} e6 {[%emt 0:00:00]} 3. Nc3 {[%emt 0:00:00]} Bb4 {[%emt 0:00:00]} 4. e3 {[%emt 0:00:28]} O-O {[%emt 0:00:00]} 5. Nge2 {[%emt 0:00:02]} c6 {[%emt 0:00:01]} 6. a3 {[%emt 0:00:12]} Ba5 {[%emt 0:00:01]} 7. b4 {[%emt 0:01:09]} Bc7 {[%emt 0:00:01]} 8. e4 {[%emt 0:00:05]} d5 {[%emt 0:00:09]} 9. cxd5 {[%emt 0:00:27]} exd5 {[%emt 0:00:17]} 10. e5 {[%emt 0:00:03]} Ne8 {[%emt 0:00:17]} 11. Be3 {[%emt 0:00:43]} Nd7 {[%emt 0:01:37]} 12. Nf4 {[%emt 0:00:50]} Nb6 {[%emt 0:00:27]} 13. Bd3 {[%emt 0:00:05]} Qe7 {[%emt 0:03:18]} 14. Qc2 {[%emt 0:02:13]} g6 {[%emt 0:02:04]} 15. h4 {[%emt 0:01:24]} f6 {[%emt 0:01:02]} 16. exf6 {[%emt 0:01:09]} Rxf6 {[%emt 0:01:36]} 17. Nfe2 {[%emt 0:00:21]} Rf7 {[%emt 0:02:04]} 18. h5 {[%emt 0:00:26]} Bf5 {[%emt 0:00:15]} 19. hxg6 {[%emt 0:00:43]} hxg6 {[%emt 0:00:03]} 20. g4 {[%emt 0:00:18]} Bxd3 {[%emt 0:00:55]} 21. Qxd3 {[%emt 0:00:01]} a5 {[%emt 0:01:07]} 22. b5 {[%emt 0:01:30]} Nc4 {[%emt 0:00:52]} 23. bxc6 {[%emt 0:00:12]} bxc6 {[%emt 0:00:04]} 24. Qxg6+ {[%emt 0:00:03]} Rg7 {[%emt 0:00:13]} 25. Qxc6 {[%emt 0:00:14]} Nxe3 {[%emt 0:00:40]} 26. fxe3 {[%emt 0:00:16]} Rd8 {[%emt 0:00:59]} 27. Nxd5 {[%emt 0:01:34]} Qe4 {[%emt 0:01:15]} 28. Qxe8+ {[%emt 0:00:03]} Qxe8 {[%emt 0:00:11]} 29. Nf6+ {[%emt 0:00:02]} Kf7 {[%emt 0:00:01]} 30. Nxe8 {[%emt 0:00:02]} Rxe8 {[%emt 0:00:02]} 31. Kd2 {[%emt 0:00:07]} Rxg4 {[%emt 0:00:10]} 32. Rh7+ {[%emt 0:00:06]} Rg7 {[%emt 0:00:01]} 33. Rxg7+ {[%emt 0:00:33]} Kxg7 {[%emt 0:00:01]} 34. Kd3 {[%emt 0:00:17]} Rb8 {[%emt 0:00:06]} 35. Kc4 {[%emt 0:00:43]} Re8 {[%emt 0:00:08]} 36. Kd3 {[%emt 0:00:17]} Rb8 {[%emt 0:00:01]} 37. Nc3 {[%emt 0:00:13]} Bd6 {[%emt 0:00:15]} 38. a4 {[%emt 0:00:09]} Kf7 {[%emt 0:00:13]} 39. Nb5 {[%emt 0:00:06]} Bb4 {[%emt 0:00:05]} 40. Rc1 {[%emt 0:00:07]} Rh8 {[%emt 0:00:06]} 41. e4 {[%emt 0:00:20]} Ke6 {[%emt 0:00:08]} 42. Rc6+ {[%emt 0:00:11]} Kd7 {[%emt 0:00:01]} 43. Rg6 {[%emt 0:00:18]} Rh1 {[%emt 0:00:40]} 44. d5 {[%emt 0:00:15]} Rd1+ {[%emt 0:00:20]} 45. Kc4 {[%emt 0:00:10]} Re1 {[%emt 0:00:01]} 46. Rg7+ {[%emt 0:00:15]} Kd8 {[%emt 0:00:34]} 47. Kd4 {[%emt 0:00:19]} Ke8 {[%emt 0:00:16]} 48. d6 {[%emt 0:00:28]} Rd1+ {[%emt 0:00:11]} 49. Ke5 1-0

[Event "EIRCC 2019"]
[Site "Tallinn"]
[Date "2019.12.05"]
[Round "5.28"]
[White "Burg, Brent"]
[Black "Ladva, Ottomar"]
[Result "0-1"]
[WhiteElo "2236"]
[BlackElo "2446"]
[Annotator "NA"]
[PlyCount "110"]
[EventDate "2019.12.05"]
[EventType "swiss"]
[EventCountry "EST"]
[SourceTitle "playchess.com"]
[Source "ChessBase"]
[SourceQuality "1"]
[TimeControl "900+10"]

1. d4 {[%emt 0:00:00]} Nf6 {[%emt 0:00:00]} 2. Nf3 {[%emt 0:00:00]} d5 {[%emt 0:00:00]} 3. g3 {[%emt 0:00:00]} c6 {[%emt 0:00:07]} 4. Bg2 {[%emt 0:00:00]} Bg4 {[%emt 0:00:04]} 5. O-O {[%emt 0:00:00]} Nbd7 {[%emt 0:00:01]} 6. Nbd2 {[%emt 0:00:03]} e6 {[%emt 0:00:02]} 7. c4 {[%emt 0:00:04]} Bd6 {[%emt 0:00:15]} 8. b3 {[%emt 0:00:20]} h5 {[%emt 0:00:11]} 9. h4 {[%emt 0:04:17]} Bf5 {[%emt 0:00:15]} 10. Bb2 {[%emt 0:01:16]} Qb8 {[%emt 0:00:24]} 11. Ng5 {[%emt 0:00:57]} Ng4 {[%emt 0:04:20]} 12. e4 {[%emt 0:02:11]} Bxg3 {[%emt 0:00:16]} 13. fxg3 {[%emt 0:00:49]} Qxg3 {[%emt 0:00:03]} 14. Rf3 {[%emt 0:00:47]} Qh2+ {[%emt 0:01:17]} 15. Kf1 {[%emt 0:00:00]} dxe4 {[%emt 0:00:30]} 16. Ngxe4 {[%emt 0:00:44]} Qxh4 {[%emt 0:00:59]} 17. Nd6+ {[%emt 0:00:19]} Kf8 {[%emt 0:00:06]} 18. Nxf5 {[%emt 0:00:20]} exf5 {[%emt 0:00:08]} 19. Ba3+ {[%emt 0:01:30]} Kg8 {[%emt 0:00:20]} 20. Bd6 {[%emt 0:00:01]} Re8 {[%emt 0:00:47]} 21. Bg3 {[%emt 0:00:12]} Qf6 {[%emt 0:00:22]} 22. Bf2 {[%emt 0:01:12]} Nxf2 {[%emt 0:02:03]} 23. Rxf2 {[%emt 0:00:02]} Qxd4 {[%emt 0:00:09]} 24. Nf3 {[%emt 0:00:01]} Qxd1+ {[%emt 0:00:04]} 25. Rxd1 {[%emt 0:00:00]} Nf6 {[%emt 0:00:04]} 26. Rfd2 {[%emt 0:01:30]} g6 {[%emt 0:00:17]} 27. b4 {[%emt 0:00:51]} Kg7 {[%emt 0:00:03]} 28. b5 {[%emt 0:00:02]} cxb5 {[%emt 0:00:18]} 29. cxb5 {[%emt 0:00:01]} Ng4 {[%emt 0:00:21]} 30. Rc1 {[%emt 0:00:21]} Ne3+ {[%emt 0:00:08]} 31. Kf2 {[%emt 0:00:03]} Re7 {[%emt 0:00:26]} 32. Rd3 {[%emt 0:01:10]} Rhe8 {[%emt 0:00:25]} 33. Rdc3 {[%emt 0:00:08]} f4 {[%emt 0:00:40]} 34. Rc7 {[%emt 0:00:56]} Nxg2 {[%emt 0:00:33]} 35. Kxg2 {[%emt 0:00:01]} Kf6 {[%emt 0:00:50]} 36. Rxe7 {[%emt 0:00:02]} Rxe7 {[%emt 0:00:02]} 37. Rc5 {[%emt 0:00:10]} Re2+ {[%emt 0:00:25]} 38. Kf1 {[%emt 0:00:01]} Rxa2 {[%emt 0:00:02]} 39. Ng5 {[%emt 0:00:29]} h4 {[%emt 0:00:41]} 40. Ne4+ {[%emt 0:00:00]} Kg7 {[%emt 0:00:10]} 41. Ng5 {[%emt 0:00:19]} Rb2 {[%emt 0:01:18]} 42. Kg1 {[%emt 0:00:17]} a5 {[%emt 0:00:54]} 43. bxa6 {[%emt 0:00:03]} bxa6 {[%emt 0:00:01]} 44. Rc7 {[%emt 0:00:03]} Kf6 {[%emt 0:00:19]} 45. Nh7+ {[%emt 0:00:18]} Kf5 {[%emt 0:00:10]} 46. Rxf7+ {[%emt 0:00:01]} Kg4 {[%emt 0:00:09]} 47. Nf6+ {[%emt 0:00:17]} Kf3 {[%emt 0:00:14]} 48. Nd5 {[%emt 0:00:01]} g5 {[%emt 0:00:02]} 49. Rf5 {[%emt 0:00:03]} Kg4 {[%emt 0:00:52]} 50. Re5 {[%emt 0:00:42]} h3 {[%emt 0:00:20]} 51. Nf6+ {[%emt 0:00:02]} Kh4 {[%emt 0:00:03]} 52. Nh7 {[%emt 0:00:28]} Rb1+ {[%emt 0:00:10]} 53. Kh2 {[%emt 0:00:01]} g4 {[%emt 0:00:11]} 54. Rh5+ {[%emt 0:00:08]} Kxh5 {[%emt 0:00:03]} 55. Nf6+ {[%emt 0:00:01]} Kh4 {[%emt 0:00:03]} 0-1

[Event "EIRCC 2019"]
[Site "Tallinn"]
[Date "2019.12.05"]
[Round "5.29"]
[White "Cerveny, Martin"]
[Black "Lopusiewicz, Piotr"]
[Result "1-0"]
[WhiteElo "2432"]
[BlackElo "2222"]
[Annotator "NA"]
[PlyCount "95"]
[EventDate "2019.12.05"]
[EventType "swiss"]
[EventCountry "EST"]
[SourceTitle "playchess.com"]
[Source "ChessBase"]
[SourceQuality "1"]
[TimeControl "900+10"]

1. d4 {[%emt 0:00:00]} Nf6 {[%emt 0:00:00]} 2. Nf3 {[%emt 0:00:00]} d5 {[%emt 0:00:00]} 3. c4 {[%emt 0:00:00]} e6 {[%emt 0:00:00]} 4. g3 {[%emt 0:00:00]} Bb4+ {[%emt 0:00:05]} 5. Bd2 {[%emt 0:00:06]} Be7 {[%emt 0:00:04]} 6. Bg2 {[%emt 0:00:03]} O-O {[%emt 0:00:04]} 7. O-O {[%emt 0:00:04]} c6 {[%emt 0:00:03]} 8. Qc2 {[%emt 0:00:06]} Nbd7 {[%emt 0:00:04]} 9. Rd1 {[%emt 0:00:12]} b6 {[%emt 0:00:06]} 10. Bg5 {[%emt 0:01:08]} Bb7 {[%emt 0:00:51]} 11. cxd5 {[%emt 0:00:34]} cxd5 {[%emt 0:00:28]} 12. Nc3 {[%emt 0:00:04]} Rc8 {[%emt 0:00:48]} 13. Rac1 {[%emt 0:00:04]} Ne4 {[%emt 0:01:20]} 14. Bxe7 {[%emt 0:00:04]} Qxe7 {[%emt 0:00:03]} 15. Qb3 {[%emt 0:00:27]} Nxc3 {[%emt 0:01:10]} 16. Rxc3 {[%emt 0:00:03]} Rxc3 {[%emt 0:00:06]} 17. Qxc3 {[%emt 0:00:02]} Rc8 {[%emt 0:00:10]} 18. Qd2 {[%emt 0:00:16]} Ba6 {[%emt 0:02:47]} 19. e3 {[%emt 0:00:41]} Qd6 {[%emt 0:00:36]} 20. Rc1 {[%emt 0:00:11]} Rc6 {[%emt 0:00:11]} 21. h4 {[%emt 0:00:18]} h6 {[%emt 0:00:31]} 22. Kh2 {[%emt 0:00:20]} Qc7 {[%emt 0:00:44]} 23. Rxc6 {[%emt 0:00:02]} Qxc6 {[%emt 0:00:01]} 24. b3 {[%emt 0:01:45]} Qd6 {[%emt 0:00:59]} 25. Qc3 {[%emt 0:00:14]} Bb7 {[%emt 0:02:15]} 26. a4 {[%emt 0:00:31]} a5 {[%emt 0:00:04]} 27. Bf1 {[%emt 0:00:05]} Qc6 {[%emt 0:00:12]} 28. Qd2 {[%emt 0:00:07]} Qd6 {[%emt 0:01:22]} 29. Bd3 {[%emt 0:00:59]} e5 {[%emt 0:00:32]} 30. Bf5 {[%emt 0:00:36]} exd4 {[%emt 0:00:49]} 31. exd4 {[%emt 0:00:39]} Nf6 {[%emt 0:00:16]} 32. Ne5 {[%emt 0:00:22]} g6 {[%emt 0:00:47]} 33. Bh3 {[%emt 0:01:43]} Kg7 {[%emt 0:00:21]} 34. f3 {[%emt 0:00:22]} Qa3 {[%emt 0:00:33]} 35. Qc2 {[%emt 0:00:32]} Qd6 {[%emt 0:00:21]} 36. Bc8 {[%emt 0:01:03]} Qb8 {[%emt 0:00:37]} 37. Bh3 {[%emt 0:00:05]} Qd8 {[%emt 0:00:10]} 38. Qc1 {[%emt 0:00:16]} Qe7 {[%emt 0:00:05]} 39. g4 {[%emt 0:00:26]} Ne8 {[%emt 0:00:23]} 40. g5 {[%emt 0:01:09]} hxg5 {[%emt 0:00:07]} 41. hxg5 {[%emt 0:00:02]} Qc7 {[%emt 0:00:37]} 42. Qf4 {[%emt 0:00:18]} f6 {[%emt 0:00:18]} 43. gxf6+ {[%emt 0:00:05]} Nxf6 {[%emt 0:00:02]} 44. Bf5 {[%emt 0:00:39]} Bc8 {[%emt 0:00:34]} 45. Bxg6 {[%emt 0:00:16]} Qc3 {[%emt 0:00:33]} 46. Bf5 {[%emt 0:00:19]} Qb2+ {[%emt 0:00:11]} 47. Kh3 {[%emt 0:00:19]} Qc2 {[%emt 0:00:18]} 48. Qg5+ {[%emt 0:00:03]} 1-0

[Event "EIRCC 2019"]
[Site "Tallinn"]
[Date "2019.12.05"]
[Round "5.30"]
[White "Mohr, Georg"]
[Black "Schnabel, Ralf"]
[Result "1-0"]
[WhiteElo "2424"]
[BlackElo "2220"]
[Annotator "NA"]
[PlyCount "97"]
[EventDate "2019.12.05"]
[EventType "swiss"]
[EventCountry "EST"]
[SourceTitle "playchess.com"]
[Source "ChessBase"]
[SourceQuality "1"]
[TimeControl "900+10"]

1. Nf3 {[%emt 0:00:00]} f5 {[%emt 0:00:00]} 2. c4 {[%emt 0:00:00]} Nf6 {[%emt 0:00:00]} 3. Nc3 {[%emt 0:00:00]} g6 {[%emt 0:00:00]} 4. g3 {[%emt 0:00:03]} Bg7 {[%emt 0:00:00]} 5. Bg2 {[%emt 0:00:01]} O-O {[%emt 0:00:04]} 6. O-O {[%emt 0:00:03]} d6 {[%emt 0:00:04]} 7. d3 {[%emt 0:00:02]} c5 {[%emt 0:00:06]} 8. e4 {[%emt 0:00:12]} fxe4 {[%emt 0:00:07]} 9. dxe4 {[%emt 0:00:13]} Nc6 {[%emt 0:00:02]} 10. h3 {[%emt 0:00:30]} Rb8 {[%emt 0:00:22]} 11. Be3 {[%emt 0:00:12]} e5 {[%emt 0:00:11]} 12. a3 {[%emt 0:01:08]} Nd4 {[%emt 0:00:08]} 13. Nd2 {[%emt 0:00:15]} Nh5 {[%emt 0:00:52]} 14. b4 {[%emt 0:00:20]} b6 {[%emt 0:00:04]} 15. Rb1 {[%emt 0:00:11]} Be6 {[%emt 0:00:13]} 16. Kh2 {[%emt 0:00:25]} Qd7 {[%emt 0:00:13]} 17. Nd5 {[%emt 0:00:13]} Rf7 {[%emt 0:00:41]} 18. a4 {[%emt 0:00:10]} cxb4 {[%emt 0:01:19]} 19. Rxb4 {[%emt 0:00:20]} Nc6 {[%emt 0:00:14]} 20. Rb5 {[%emt 0:00:48]} Na5 {[%emt 0:00:50]} 21. Qe2 {[%emt 0:00:15]} Rc8 {[%emt 0:00:17]} 22. Rfb1 {[%emt 0:00:50]} Qe8 {[%emt 0:01:26]} 23. Ra1 {[%emt 0:02:53]} Nf6 {[%emt 0:00:05]} 24. Qd3 {[%emt 0:00:34]} Nd7 {[%emt 0:00:13]} 25. h4 {[%emt 0:02:08]} h5 {[%emt 0:01:39]} 26. Rb4 {[%emt 0:01:15]} Nc5 {[%emt 0:00:50]} 27. Qb1 {[%emt 0:00:53]} Bd7 {[%emt 0:00:37]} 28. Qa2 {[%emt 0:01:15]} Qf8 {[%emt 0:00:06]} 29. Qc2 {[%emt 0:01:20]} Kh7 {[%emt 0:00:46]} 30. Ra3 {[%emt 0:01:07]} Bh6 {[%emt 0:02:13]} 31. Nf3 {[%emt 0:00:27]} Ne6 {[%emt 0:00:14]} 32. Qe2 {[%emt 0:00:37]} Bxe3 {[%emt 0:00:23]} 33. Qxe3 {[%emt 0:00:06]} Nxc4 {[%emt 0:00:29]} 34. Rxc4 {[%emt 0:00:21]} Rxc4 {[%emt 0:00:01]} 35. a5 {[%emt 0:00:08]} bxa5 {[%emt 0:02:46]} 36. Rxa5 {[%emt 0:00:04]} Bc6 {[%emt 0:00:25]} 37. Rxa7 {[%emt 0:00:11]} Kg7 {[%emt 0:01:05]} 38. Bh3 {[%emt 0:00:55]} Nd4 {[%emt 0:00:14]} 39. Rxf7+ {[%emt 0:00:08]} Qxf7 {[%emt 0:00:03]} 40. Ng5 {[%emt 0:00:03]} Qb7 {[%emt 0:00:19]} 41. Qa3 {[%emt 0:00:21]} Bxd5 {[%emt 0:00:40]} 42. exd5 {[%emt 0:00:01]} Rc2 {[%emt 0:01:06]} 43. Qxd6 {[%emt 0:00:21]} Rxf2+ {[%emt 0:00:04]} 44. Kg1 {[%emt 0:00:01]} Rf6 {[%emt 0:00:05]} 45. Qxe5 {[%emt 0:00:09]} Qb1+ {[%emt 0:00:02]} 46. Kh2 {[%emt 0:00:01]} Qc2+ {[%emt 0:00:34]} 47. Bg2 {[%emt 0:00:06]} Nf5 {[%emt 0:00:03]} 48. Ne6+ {[%emt 0:00:10]} Kh7 {[%emt 0:00:10]} 49. Qxf6 {[%emt 0:00:04]} 1-0

[Event "EIRCC 2019"]
[Site "Tallinn"]
[Date "2019.12.05"]
[Round "5.31"]
[White "Krivenko, Sergey"]
[Black "D`costa, Lorin"]
[Result "1/2-1/2"]
[WhiteElo "2233"]
[BlackElo "2407"]
[Annotator "NA"]
[PlyCount "119"]
[EventDate "2019.12.05"]
[EventType "swiss"]
[EventCountry "EST"]
[SourceTitle "playchess.com"]
[Source "ChessBase"]
[SourceQuality "1"]
[TimeControl "900+10"]

1. d4 {[%emt 0:00:00]} Nf6 {[%emt 0:00:00]} 2. Bg5 {[%emt 0:00:00]} c5 {[%emt 0:00:00]} 3. Bxf6 {[%emt 0:00:00]} gxf6 {[%emt 0:00:00]} 4. d5 {[%emt 0:00:00]} Qb6 {[%emt 0:00:00]} 5. Qc1 {[%emt 0:00:03]} f5 {[%emt 0:00:02]} 6. g3 {[%emt 0:00:29]} Bg7 {[%emt 0:00:03]} 7. c3 {[%emt 0:00:01]} d6 {[%emt 0:00:11]} 8. Bg2 {[%emt 0:00:16]} Nd7 {[%emt 0:00:04]} 9. Nh3 {[%emt 0:00:05]} h5 {[%emt 0:00:06]} 10. Nd2 {[%emt 0:00:41]} Nf6 {[%emt 0:02:56]} 11. Nc4 {[%emt 0:01:21]} Qa6 {[%emt 0:00:15]} 12. Ne3 {[%emt 0:00:56]} Bd7 {[%emt 0:00:43]} 13. Qc2 {[%emt 0:00:31]} e6 {[%emt 0:00:09]} 14. Qb3 {[%emt 0:01:41]} Rb8 {[%emt 0:04:13]} 15. dxe6 {[%emt 0:01:31]} fxe6 {[%emt 0:00:08]} 16. Nf4 {[%emt 0:03:24]} d5 {[%emt 0:00:34]} 17. O-O {[%emt 0:00:39]} Bh6 {[%emt 0:03:40]} 18. Nexd5 {[%emt 0:01:18]} exd5 {[%emt 0:00:15]} 19. Nxd5 {[%emt 0:00:00]} Qd6 {[%emt 0:01:15]} 20. Rad1 {[%emt 0:00:37]} Nxd5 {[%emt 0:00:54]} 21. Rxd5 {[%emt 0:00:47]} Qe7 {[%emt 0:00:02]} 22. Qa3 {[%emt 0:01:07]} Be6 {[%emt 0:00:47]} 23. Qxa7 {[%emt 0:00:22]} O-O {[%emt 0:00:37]} 24. Rxc5 {[%emt 0:00:24]} Rfd8 {[%emt 0:01:10]} 25. Qb6 {[%emt 0:00:59]} Rd6 {[%emt 0:00:35]} 26. Qb4 {[%emt 0:00:19]} b6 {[%emt 0:00:20]} 27. Re5 {[%emt 0:00:25]} Bg7 {[%emt 0:00:03]} 28. Re3 {[%emt 0:00:04]} Qd7 {[%emt 0:00:04]} 29. Qf4 {[%emt 0:00:37]} Bxa2 {[%emt 0:00:28]} 30. Qg5 {[%emt 0:00:02]} Bf7 {[%emt 0:00:08]} 31. Bh3 {[%emt 0:00:21]} Rf6 {[%emt 0:00:07]} 32. Rd3 {[%emt 0:00:17]} Qe6 {[%emt 0:00:01]} 33. Rfd1 {[%emt 0:00:03]} Re8 {[%emt 0:00:19]} 34. Re3 {[%emt 0:00:37]} Qc6 {[%emt 0:00:09]} 35. Rxe8+ {[%emt 0:00:10]} Qxe8 {[%emt 0:00:01]} 36. Bxf5 {[%emt 0:00:13]} Kf8 {[%emt 0:00:27]} 37. Bd3 {[%emt 0:00:06]} Qe7 {[%emt 0:00:11]} 38. Ra1 {[%emt 0:00:11]} Qd8 {[%emt 0:00:09]} 39. Be4 {[%emt 0:00:09]} Bh6 {[%emt 0:00:07]} 40. Qe5 {[%emt 0:00:12]} Kg7 {[%emt 0:00:07]} 41. Bd3 {[%emt 0:00:13]} Qd5 {[%emt 0:00:14]} 42. Qxd5 {[%emt 0:00:26]} Bxd5 {[%emt 0:00:01]} 43. Ra7+ {[%emt 0:00:10]} Rf7 {[%emt 0:00:13]} 44. Ra6 {[%emt 0:00:05]} Rb7 {[%emt 0:00:05]} 45. c4 {[%emt 0:00:07]} Bf7 {[%emt 0:00:05]} 46. b4 {[%emt 0:00:16]} Bd2 {[%emt 0:00:11]} 47. b5 {[%emt 0:00:13]} Bb4 {[%emt 0:00:03]} 48. Be4 {[%emt 0:00:12]} Rb8 {[%emt 0:00:02]} 49. Bd5 {[%emt 0:00:04]} Kf6 {[%emt 0:00:36]} 50. Bxf7 {[%emt 0:00:07]} Kxf7 {[%emt 0:00:00]} 51. Ra7+ {[%emt 0:00:01]} Kg6 {[%emt 0:00:09]} 52. Rc7 {[%emt 0:00:03]} Bc5 {[%emt 0:00:17]} 53. Kg2 {[%emt 0:00:04]} Re8 {[%emt 0:00:08]} 54. Rc6+ {[%emt 0:00:04]} Kg7 {[%emt 0:00:06]} 55. Rc7+ {[%emt 0:00:27]} Kg6 {[%emt 0:00:00]} 56. Rc6+ {[%emt 0:00:01]} Kg7 {[%emt 0:00:01]} 57. Rc7+ {[%emt 0:00:09]} Kg6 {[%emt 0:00:09]} 58. Rc6+ {[%emt 0:00:01]} Kg7 {[%emt 0:00:26]} 59. Rc7+ {[%emt 0:00:23]} Kg6 {[%emt 0:00:01]} 60. Rc6+ 1/2-1/2